Los cristianos en Inglaterra / (Record no. 133371)

MARC details
000 -LEADER
campo de control de longitud fija 00633nam a2200193 4500
001 - NÚMERO DE CONTROL
campo de control 133371
003 - IDENTIFICADOR DE NÚMERO DE CONTROL
campo de control ES-MaACL
005 - FECHA Y HORA DE LA ÚLTIMA TRANSACCIÓN
campo de control 20230906194405.0
007 - CAMPO FIJO DE DESCRIPCIÓN FÍSICA--INFORMACIÓN GENERAL
campo de control de longitud fija t|
008 - DATOS DE LONGITUD FIJA--INFORMACIÓN GENERAL
campo de control de longitud fija 070214s1964 sp r ||||1| spa d
100 1# - ENTRADA PRINCIPAL--NOMBRE DE PERSONA
Nombre de persona Rueda, Julián.
9 (RLIN) 100508
245 14 - MENCIÓN DEL TÍTULO
Título Los cristianos en Inglaterra /
Mención de responsabilidad, etc. Julián Rueda.
260 ## - PUBLICACIÓN, DISTRIBUCIÓN, ETC.
Lugar de publicación, distribución, etc. Barcelona :
Nombre del editor, distribuidor, etc. Juan Flors,
Fecha de publicación, distribución, etc. 1964.
300 ## - DESCRIPCIÓN FÍSICA
Extensión VIII, 258 p. ;
Dimensiones 19 cm.
490 1# - MENCIÓN DE SERIE
Mención de serie Remanso. Sección III. Patrología e historia eclesiástica ;
Designación de volumen o secuencia 3
830 0# - PUNTO DE ACCESO ADICIONAL DE SERIE-TÍTULO UNIFORME
Título uniforme Remanso. Sección III. Patrología e historia eclesiástica ;
Designación de volumen o secuencia 3
9 (RLIN) 219727
852 ## - LOCALIZACIÓN
Ubicación ES-MaACL
Número de control de estantería C-26075
Sublocalización o colección R.54789
Holdings
Estatus retirado Estado de pérdida Estado de daño No para préstamo Biblioteca de origen Biblioteca actual Ubicación en estantería Fecha de adquisición Fuente de adquisición Total de préstamos Signatura topográfica completa Código de barras Visto por última vez Precio de reemplazo Tipo de ítem Koha
        Biblioteca del Ateneo de Madrid Biblioteca del Ateneo de Madrid Depósito 2 17/01/2008     C-26075 1138845 23/02/2023 23/02/2023 Libro impreso